|
|
|
|
| LEADER |
00000cam a2200000 7i4500 |
| 001 |
0000001539 |
| 005 |
20010730.0 |
| 090 |
0 |
0 |
|a 634.920959
|b ASE 1987
|
| 110 |
1 |
0 |
|a ASEAN Seminar on Forest Planning
|k 1987
|j Kuantan, Malaysia
|
| 245 |
1 |
0 |
|a The ASEAN Seminar on Forest Plannig, 5-7 November 1987, Kuantan, Malaysia
|
| 260 |
0 |
0 |
|a Kuala Lumpur :
|b Institute of Forest Management ,
|c 1987
|
| 300 |
|
|
|a various pagings ;
|c 30 cm.
|
| 500 |
0 |
0 |
|a Includes bibliographies
|
| 650 |
0 |
0 |
|a Forest management
|z Asia, Southeastern
|
| 650 |
0 |
0 |
|a Forests and forestry
|z Asia, Southeastern
|
| 710 |
1 |
1 |
|a Institute of Forest Management (AIFM)
|
| 998 |
|
|
|a JPSM
|
| 999 |
|
|
|a 0000003893
|b Monograph
|c Open Shelf
|e Default branch
|